|
|
|
|
| LEADER |
02870nam a2200337 u 4500 |
| 001 |
10112423 |
| 003 |
upatras |
| 005 |
20210531093648.0 |
| 008 |
140402s2001 gr gre |
| 020 |
|
|
|a 9604607030
|
| 040 |
|
|
|a GR-PaULI
|c GR-PaULI
|
| 041 |
0 |
|
|a gre
|
| 082 |
1 |
4 |
|a 305.4
|2 22
|
| 245 |
1 |
0 |
|a Ανθρωπολογία των φύλων
|c [συγγραφείς] Νίκος Ποταμίτης... [κ.α.].; επιμ. Σωτήρης Δημητρίου
|
| 260 |
|
|
|a Αθήνα
|b Σαββάλας
|c c2001
|
| 300 |
|
|
|a 187σ.
|b φωτ. ασπρομ.
|c 24εκ.
|
| 504 |
|
|
|a Περιέχει βιβλιογραφικές σημειώσεις.
|
| 505 |
0 |
|
|a Εισαγωγή/ Δημητρίου, Σωτήρης -- Η εξέλιξη της Σεξουαλικής λειτουργίας από τα Πρωτεύοντα στον Ανθρωπο/ Ποταμίτης, Νίκος -- Η κοινωνική θέση της γυναίκας μέσα από τα ιαπωνικά ιδεογράμματα/ Μαρινάκη, Κάτια -- Καταγωγή και διαπραγμάτευση της ασυμμετρίας των φύλων/ Δημητρίου, Σωτήρης -- Η σύγκρουση των δύο φύλων όπως αντανακλάται στην αρχετυπική μορφή της Μήδειας/ Κέκκου, Μαρία -- Το τραπέζι του φαγητού: Συμβολικός Διάλογος, Πρακτική και Επιτέλεση/ Δημητρίου-Κοτσώνη, Σιβύλλα -- Η τιμωρία της μοιχαλίδας στο ευρωπαϊκό μυθιστόρημα/ Δερμιτζάκης, Μπάμπης -- Εξουσία, ιερότητα και βία: Οψεις της σεξουαλικότητας/ Γκασούκα, Μαρία -- Ανδρική ταυτότητα, σώμα και ομόφυλες σχέσεις. Μια προσέγγιση του φύλου και της σεξουαλικότητας/ Γιαννακόπουλος, Κώστας.
|
| 650 |
|
4 |
|a Ανθρωπολογία
|9 1357
|
| 650 |
|
4 |
|a Ταυτότητα φύλου
|9 22914
|
| 650 |
|
4 |
|a Σχέσεις δυο φύλων
|9 55114
|
| 650 |
|
4 |
|a Γυναίκες
|x Κοινωνικές συνθήκες
|9 23203
|
| 650 |
|
4 |
|a Άνδρες
|x Κοινωνικές συνθήκες
|9 137613
|
| 650 |
|
4 |
|a Ομοφυλοφιλία
|9 37092
|
| 700 |
1 |
|
|a Ποταμίτης, Νίκος
|4 aut
|9 3271
|
| 700 |
1 |
|
|9 92850
|a Δημητρίου, Σωτήρης Θ.,
|d 1925-
|4 edt
|
| 852 |
|
|
|a GR-PaULI
|b ΠΑΤΡΑ
|b ΘΕΑΤΡΟΛΟΓΙΑ
|k ΑΣΧΕ-3
|h 305.4 ΑΝΘ
|m 000188
|p 025000198718
|t 1
|
| 942 |
|
|
|2 ddc
|c BK15
|
| 952 |
|
|
|0 0
|1 0
|4 0
|6 305_400000000000000_ΑΝΘ
|7 0
|9 164824
|a THST
|b THST
|d 2016-04-24
|i 000188
|l 3
|o 305.4 ΑΝΘ
|p 025000198718
|r 2022-01-13 00:00:00
|s 2021-12-08
|t 1
|v 2016.00
|w 2016-04-24
|y BK15
|
| 998 |
|
|
|c ΜΑΝΙΑ
|d 2014-04
|
| 999 |
|
|
|c 103351
|d 103351
|